| 000 | 00488nam a2200181Ia 4500 | ||
|---|---|---|---|
| 005 | 20250923150003.0 | ||
| 008 | 008 250917s9999 xx 000 0 eng d | ||
| 037 | _aTextual | ||
| 040 |
_aDSWL _beng _cDSWL |
||
| 041 |
_aeng _2eng |
||
| 084 |
_aY:5x, N98 _qDSWL |
||
| 245 | 0 |
_aDo population polices matter ? _cEd. by Anrudh Jain |
|
| 260 |
_b Population council _c1998 |
||
| 300 | _axiv,203 p. | ||
| 365 | _aINR | ||
| 942 |
_cTEXL _hY:5x, N98 |
||
| 999 |
_c1458173 _d1458173 |
||